| 000 | 01239cam a22002174a 4500 | ||
|---|---|---|---|
| 005 | 20250605163957.0 | ||
| 008 | 250528s ||||||||||||||||||||||||d | ||
| 035 | _a15506 | ||
| 020 | _a534027040 | ||
| 040 |
_aGR-AtMCL _bgre _dGR-AtMCL _eAACR2 |
||
| 245 | 1 | _aPresentations for Decision Makers / Strategies for Structuring and Delivering Your Ideas | |
| 260 |
_bVan Nostrand Reinhold, _c1983 |
||
| 300 | _a218 | ||
| 505 | 0 | _aA Strategy for Successful Presentations, Focusing on the Audience, Building a Logical Structure, Designing the Presentation, Designing and Using Visuals, Setting the Stage, Rehearsing and Delivering the Presentation, Meetings and Negotiations and Informal Conferences, Speaking Outside the Organization, Videoconferences, Appendix. | |
| 520 | _aA Strategy for Successful Presentations, Focusing on the Audience, Building a Logical Structure, Designing the Presentation, Designing and Using Visuals, Setting the Stage, Rehearsing and Delivering the Presentation, Meetings and Negotiations and Informal Conferences, Speaking Outside the Organization, Videoconferences, Appendix. | ||
| 700 | 1 |
_aHolcombe Marya W _91440 |
|
| 700 | 1 |
_aStein Judith K _91441 |
|
| 942 | _cBK | ||
| 999 |
_c1082 _d1082 |
||